An experimental evaluation of two sharp front models for vadose zone non-aqueous phase liquid transport /

Bibliographic Details
Corporate Author: Robert S. Kerr Environmental Research Laboratory
Other Authors: Illangasekare, T. H.
Format: Government Document eBook
Language:English
Published: Ada, Okla. : Robert S. Kerr Environmental Research Laboratory, Office of Research and Development, U.S. Environmental Protection Agency, [1994]
Subjects:
Online Access:https://purl.fdlp.gov/GPO/gpo32092

MARC

Tag First Indicator Second Indicator Subfields
LEADER 00000cam a2200000 a 4500
001 in00002839655
005 20211120170532.0
006 m o d f
007 cr bn|||||||||
008 121210s1994 okua ob f000 0 eng c
035 |a (OCoLC)ocn820724286 
040 |a GPO  |c GPO  |d MvI  |d UtOrBLW 
042 |a pcc 
043 |a n-us--- 
049 |a WWW 
074 |a 0431-J (online) 
086 0 |a EP 1.23/6:600/R-94/197 
088 |a EPA/600/R-94/197 
245 0 3 |a An experimental evaluation of two sharp front models for vadose zone non-aqueous phase liquid transport /  |c by Tissa Illangasekare [and others]. 
246 3 |a Experimental evaluation of two sharp front models for vadose zone non aqueous phase liquid transport 
264 1 |a Ada, Okla. :  |b Robert S. Kerr Environmental Research Laboratory, Office of Research and Development, U.S. Environmental Protection Agency,  |c [1994] 
300 |a 1 online resource (x, 185 pages) :  |b illustrations 
336 |a text  |b txt  |2 rdacontent 
337 |a computer  |b c  |2 rdamedia 
338 |a online resource  |b cr  |2 rdacarrier 
500 |a Title from title screen (viewed Dec. 10, 2012). 
500 |a "November 1994." 
504 |a Includes bibliographical references (pages 88-91). 
500 |a "EPA/600/R-94/197." 
500 |a "CR-816807." 
500 |a Electronic resource. 
650 0 |a Zone of aeration  |z United States  |x Computer simulation. 
650 0 |a Groundwater  |z United States  |x Computer simulation. 
650 0 |a Soil pollution  |z United States  |x Computer simulation. 
700 1 |a Illangasekare, T. H. 
710 2 |a Robert S. Kerr Environmental Research Laboratory. 
776 0 8 |i Microfiche:  |t Experimental evaluation of two sharp front models for vadose zone non-aqueous phase liquid transport  |w (OCoLC)32460352 
856 4 0 |u https://purl.fdlp.gov/GPO/gpo32092  |t 0 
999 |a MARS 
999 f f |s 63c8d77b-f944-3c80-8664-ab212fac8f9a  |i 55988f16-7ce8-3d08-af77-2676de232451  |t 0 
952 f f |a Texas A&M University  |b College Station  |c Electronic Resources  |d Available Online  |t 0  |e EP 1.23/6:600/R-94/197  |h Superintendent of Documents classification 
998 f f |a EP 1.23/6:600/R-94/197  |t 0  |l Available Online